Pojištění a islám: co je to takaful?

Špecifická forma životného a neživotného poistenia takaful, regulovaný poistný produkt. Je zaisťované veľkými zaisťovňami. Vznik terminologického označenia poistného produktu. Charakteristika islamského kódexu šária. Klasifikácia požiadaviek moslimského poistenia takaful. Modely pre realizovanie poi...

Descrizione completa

Salvato in:
Dettagli Bibliografici
Autore principale: Cipra, Tomáš
Natura: Capitolo di libro
Lingua:ceco
Soggetti:
Tags: Aggiungi Tag
Nessun Tag, puoi essere il primo ad aggiungerne!!

MARC

LEADER 00000naa$a2200000$$$4500
001 0068968
005 20230927103114.3
041 0 |a cze 
044 |a CZ 
245 1 0 |a Pojištění a islám: co je to takaful?  |c Tomáš Cipra 
520 |a Špecifická forma životného a neživotného poistenia takaful, regulovaný poistný produkt. Je zaisťované veľkými zaisťovňami. Vznik terminologického označenia poistného produktu. Charakteristika islamského kódexu šária. Klasifikácia požiadaviek moslimského poistenia takaful. Modely pre realizovanie poistenia. 
610 2 0 |a poistenie 
610 2 0 |a islam 
610 2 0 |a zaistenie 
610 2 0 |a terminológia 
610 2 0 |a modely 
100 1 |a Cipra, Tomáš